000
00314cam a22001217a 4500
008
180718b1955 xxu||||| |||| 00| 0 eng d
082
_a
T1 Ad17
100
_a
Adams, G.P.
245
_a
Competitive economic systems
_c
by G.P. Adams
260
_a
New York
_b
Crowell
_c
1955
300
_a
xii, 516p.
650
_a
Economics
999
_c
477793
_d
477793